[Event "Africa-ch (Women)"]
[Site "Lilongwe"]
[Date "2021.05.19"]
[Round "2"]
[White "Mwilola, Phylis Namasiku"]
[Black "Sy Mame, Binta"]
[Result "1-0"]
[WhiteElo "1432"]
[BlackElo "1349"]
[PlyCount "37"]
[EventDate "2021.05.18"]
[EventType "swiss"]
[EventRounds "9"]
[EventCountry "MWI"]
[SourceTitle "EXT 2022"]
[Source "ChessBase"]
[SourceDate "2021.10.06"]
[SourceVersion "1"]
[SourceVersionDate "2021.10.06"]
[SourceQuality "1"]

1. d4 d5 2. Bf4 Nc6 3. c3 Bd7 4. e3 Nf6 5. Nd2 e6 6. Bd3 h6 7. h3 Be7 8. Ngf3 0-0 9. c4 Ne8 10. h4 f6 11. Bg6 e5 12. dxe5 fxe5 13. Nxe5 Bxh4 14. Ndf3 Nxe5 15. Qxd5+ Nf7 16. Rxh4 Nf6 17. Qc5 Bc6 18. Ne5 Bd5 19. Qd4 1-0

[Event "Africa-ch (Women)"]
[Site "Livingstone"]
[Date "2018.05.18"]
[Round "6"]
[White "Charinda, Kudzanayi"]
[Black "Mwilola, Phylis Namasiku"]
[Result "1-0"]
[WhiteElo "1692"]
[BlackElo "1497"]
[PlyCount "83"]
[EventDate "2018.05.13"]
[EventType "swiss"]
[EventRounds "9"]
[EventCountry "ZAM"]
[SourceTitle "CBM 184 Extra"]
[Source "ChessBase"]
[SourceDate "2018.06.28"]
[SourceVersion "1"]
[SourceVersionDate "2018.06.28"]
[SourceQuality "1"]

1. c4 e5 2. Nc3 Nf6 3. g3 c6 4. Bg2 d5 5. cxd5 cxd5 6. Qb3 Nc6 7. Nxd5 Nd4 8. Nxf6+ Qxf6 9. Qd1 Bf5 10. d3 Rc8 11. Rb1 Nc2+ 12. Kf1 Be6 13. b3 Ba3 14. Nf3 0-0 15. Bxa3 Nxa3 16. Rc1 Rfd8 17. Nd2 Rxc1 18. Qxc1 Qg5 19. h4 Qe7 20. Nc4 Rc8 21. Qb2 Qc5 22. Bxb7 Nxc4 23. dxc4 Rd8 24. Kg2 f6 25. Bf3 Qb4 26. Rc1 Bf5 27. a3 Rd2 28. axb4 Rxb2 29. Bd5+ Kf8 30. e4 Bg4 31. c5 Ke7 32. Ra1 Kd8 33. Rxa7 Rd2 34. Rxg7 f5 35. c6 Rc2 36. b5 h5 37. b6 f4 38. c7+ Ke8 39. gxf4 exf4 40. b7 Kf8 41. Rf7+ Ke8 42. b8Q+ 1-0

[Event "Africa-ch (Women)"]
[Site "Livingstone"]
[Date "2018.05.15"]
[Round "4"]
[White "Mwilola, Phylis Namasiku"]
[Black "Nkhoma, Desiderata"]
[Result "0-1"]
[WhiteElo "1497"]
[BlackElo "1481"]
[PlyCount "70"]
[EventDate "2018.05.13"]
[EventType "swiss"]
[EventRounds "9"]
[EventCountry "ZAM"]
[SourceTitle "CBM 184 Extra"]
[Source "ChessBase"]
[SourceDate "2018.06.28"]
[SourceVersion "1"]
[SourceVersionDate "2018.06.28"]
[SourceQuality "1"]

1. d4 Nf6 2. Nf3 d6 3. Bf4 g6 4. e3 Bg7 5. Be2 0-0 6. h3 c5 7. 0-0 cxd4 8. exd4 Nc6 9. c3 Re8 10. Bh2 Bd7 11. Nbd2 e5 12. d5 Nxd5 13. Ne4 Be6 14. Nfg5 Nf4 15. Bxf4 exf4 16. Nxe6 Rxe6 17. f3 Qb6+ 18. Kh2 Qxb2 19. Rb1 Qxa2 20. Rxb7 d5 21. Bb5 dxe4 22. Bxc6 Rxc6 23. fxe4 Rxc3 24. Kg1 Rac8 25. Qd5 Qxd5 26. exd5 Rc1 27. Rxc1 Rxc1+ 28. Kf2 Bf8 29. Kf3 a5 30. Kxf4 a4 31. Ke5 Re1+ 32. Kd4 a3 33. Ra7 Re2 34. Kc3 Rxg2 35. Ra8 Kg7 0-1

[Event "Africa-ch (Women)"]
[Site "Livingstone"]
[Date "2018.05.13"]
[Round "1"]
[White "Onkemetse, Francis"]
[Black "Mwilola, Phylis Namasiku"]
[Result "1/2-1/2"]
[WhiteElo "1813"]
[BlackElo "1497"]
[PlyCount "77"]
[EventDate "2018.05.13"]
[EventType "swiss"]
[EventRounds "9"]
[EventCountry "ZAM"]
[SourceTitle "CBM 184 Extra"]
[Source "ChessBase"]
[SourceDate "2018.06.28"]
[SourceVersion "1"]
[SourceVersionDate "2018.06.28"]
[SourceQuality "1"]

1. e4 d6 2. d4 Nf6 3. Bd3 g6 4. Nf3 Bg7 5. c3 Nbd7 6. Bg5 c5 7. 0-0 0-0 8. Re1 h6 9. Bd2 e5 10. dxe5 Nxe5 11. Nxe5 dxe5 12. Bc2 Qb6 13. Qc1 Kh7 14. h3 Qc7 15. Na3 Nh5 16. Qd1 Rd8 17. Qe2 Be6 18. Be3 Nf4 19. Qf1 Qc8 20. Kh2 f5 21. Red1 Qc6 22. exf5 gxf5 23. Rxd8 Rxd8 24. Bxf4 exf4 25. Qe2 Rf8 26. f3 Kg6 27. Nc4 Bxc4 28. Qxc4 Kg5 29. Re1 b6 30. Qe2 Bf6 31. Qd2 Rd8 32. h4+ Kg6 33. Qxf4 Kg7 34. Bxf5 Qd6 35. Qxd6 Rxd6 36. h5 Rd2 37. Rb1 Be5+ 38. Kh3 Kf6 39. Bg4 1/2-1/2